Normal view
MARC view
- Karim, Arshad Syed
Entry Personal Name
001 - CONTROL NUMBER
- control field: 6643
003 - CONTROL NUMBER IDENTIFIER
- control field: NUST
005 - DATE AND TIME OF LATEST TRANSACTION
- control field: 20171122110747.0
008 - FIXED-LENGTH DATA ELEMENTS
- fixed length control field: 171122|| aca||aabn | a|a d
040 ## - CATALOGING SOURCE
- Original cataloging agency: NUST
- Transcribing agency: NUST
100 ## - HEADING--PERSONAL NAME
- Personal name: Karim, Arshad Syed
670 ## - SOURCE DATA FOUND
- Source citation: Work cat.: (NUST): Karim, Arshad Syed, Textbook of a concise history of western and Islamic political thought , 2015
